| 000 | 01030cam a22002531 4500 | ||
|---|---|---|---|
| 001 | l 33000118 | ||
| 003 | DLC | ||
| 005 | 20260227111534.0 | ||
| 007 | cr_||||||||||| | ||
| 008 | 800521s1933 dcua f000 0 eng c | ||
| 010 | _al 33000118 | ||
| 035 | _a(OCoLC)6342887 | ||
| 040 |
_aLibrary, U.S. Dept. of Labor _cOCl _dDLC |
||
| 050 | 0 | 0 |
_aHD6093 _b.A5 1933 |
| 110 | 1 |
_aUnited States. _bWomen's Bureau. |
|
| 245 | 1 | 0 |
_aWomen at work; _ba century of industrial change ... United States Department of labor. _cWomen's bureau. |
| 260 |
_aWashington, _bU.S. Govt. print. off., _c1933. |
||
| 300 |
_aiii, 50, [1] p. _billus. _c18 cm. |
||
| 500 | _a"Written by Eleanor Nelson, of the division of public information of the Women's bureau."--p. ii. | ||
| 530 | _aA digital reproduction is available from the Open Collections Program at Harvard University, Women and work collection. | ||
| 650 | 0 |
_aWomen _xEmployment _zUnited States. |
|
| 700 | 1 |
_aNelson, Eleanor, _d1906- |
|
| 856 | 4 | 1 | _uhttp://nrs.harvard.edu/urn-3:HBS.BAKER:140326 |
| 999 |
_c36105 _d36105 |
||